| 000 | 00900cam a22002535a 4500 | ||
|---|---|---|---|
| 005 | 20081020032651.0 | ||
| 008 | 081003s2008 ii ab b 001 0 eng | ||
| 010 | _aENG-92621 | ||
| 020 |
_a9788190466844 _c90.00 |
||
| 035 | _aEN-76154 | ||
| 037 | _bDBAD / PUB | ||
| 040 |
_adpl _bEnglish |
||
| 082 | _a280.66 | ||
| 100 | _aDaniel Premkumar, R | ||
| 245 |
_aBonding with mission: _cby R. Daniel Premkumar _bfaith activism in local congregations / |
||
| 260 |
_aChennai _bICSA Books _c2008 |
||
| 270 |
_aPost Box No. 771, _bChennai _e600008 |
||
| 300 |
_avi, 136p. _c22cm (pbk) |
||
| 650 | _aChristianity | ||
| 650 | _aMissions | ||
| 650 | _aMission churches | ||
| 942 |
_2ddc _cEN _mDAN _h280.66 |
||
| 999 |
_c22445 _d22445 |
||